00593nam a22001217a 4500008004100000020001500041050002500056245027500081260004300356300002200399440003400421800001600455140821b xxu||||| |||| 00| 0 eng d a0406095299 aKD279.3.L39(1891-92) aThe Law Reports(1891-92): of the incorporated council of law reporting Probate division courts of probate , divorce, and admiralty and on appeal therefrom in the court of appeal ecclesiastical courts, and on appeal therefrom in the privy council. /cedited by A.P. Stone aLondon:bButterworth & Co. Ltd,c1891. axiv, 410p.c24cm. pProbate division 1891 to 1892 aStone, A.P.